| 000 | 00641cam a2200217 4500 | ||
|---|---|---|---|
| 008 | 090401t1987 xxu||||| |||| 00| 0 eng d | ||
| 020 | _a1850611203 | ||
| 035 | _a(Sirsi) u47814 | ||
| 041 | _aeng | ||
| 050 | _a690.0285 | ||
| 110 |
_aPeat Marwick McLintock _92017 |
||
| 245 | _aBuilding on IT: a survey of information technology trends and needs in the construction industry | ||
| 260 |
_aLondon _bPeat Marwick McLintock _c1987 |
||
| 300 | _a24p. ; 30cm. | ||
| 350 | _a25 | ||
| 650 | _aBUILDING INDUSTRY | ||
| 650 | _aCOMPUTERS | ||
| 710 |
_aConstruction Industry Computing Association _92635 |
||
| 942 | _n0 | ||
| 948 | _c04/03/1997 | ||
| 999 |
_c92209 _d92209 |
||